| 000 | 00835cam a22002651 4500 | ||
|---|---|---|---|
| 001 | 4113 | ||
| 003 | BD-RjUL | ||
| 005 | 20211208233832.0 | ||
| 008 | 160727s1954 nyu b 001 0 eng d | ||
| 035 | _a(BD-RjUL)4147 | ||
| 035 | _a(OCoLC)372964 | ||
| 040 |
_aDLC _cOClU _dUk _dDLC _d(BD-RjUL) _beng |
||
| 041 | _aeng | ||
| 082 | 0 | 4 |
_a320.05 _bANP 1954 |
| 100 | 1 |
_aAnshen, Melvin. _913062 |
|
| 245 | 1 | 0 |
_aPrivate enterprise and public policy / _c[by] Melvin Anshen [and] Francis D. Wormuth. |
| 260 |
_aNew York : _bMacmillan, _c[1954] |
||
| 300 |
_a742 p. ; _c25cm. |
||
| 504 | _aIncludes bibliographies. | ||
| 650 | 0 |
_aIndustrial policy _zUnited States. _96147 |
|
| 651 | 0 |
_aUnited States _xEconomic policy _913063 |
|
| 700 | 1 |
_aWormuth, Francis Dunham, _d1909- _ejt. auth. _913064 |
|
| 942 |
_2ddc _cBK |
||
| 999 |
_c4113 _d4113 |
||